Franšízing a malé a stredné podniky
Podstata franšízingu. Charakteristické znaky franšízingu. Jednoduchý a kombinovaný franšízing. Kombinácia priameho odbytu a franšízingu na zahraničnom trhu. Najznámejšie franšízingové koncepty vo svete. Franšízing v malých a stredných podnikoch.
Na minha lista:
| Autor principal: | |
|---|---|
| Formato: | Capítulo de Livro |
| Idioma: | eslovaco |
| Assuntos: | |
| Tags: |
Sem tags, seja o primeiro a adicionar uma tag!
|
MARC
| LEADER | 00000naa$a2200000$$$4500 | ||
|---|---|---|---|
| 001 | 0204376 | ||
| 005 | 20240502073419.1 | ||
| 041 | 0 | |a slo | |
| 044 | |a SK | ||
| 245 | 1 | 0 | |a Franšízing a malé a stredné podniky |c Simona Kosztanko |
| 520 | |a Podstata franšízingu. Charakteristické znaky franšízingu. Jednoduchý a kombinovaný franšízing. Kombinácia priameho odbytu a franšízingu na zahraničnom trhu. Najznámejšie franšízingové koncepty vo svete. Franšízing v malých a stredných podnikoch. | ||
| 610 | 2 | 0 | |a obchod |
| 610 | 2 | 0 | |a služby |
| 610 | 2 | 0 | |a gastronómia |
| 610 | 2 | 0 | |a podnikanie |
| 610 | 2 | 0 | |a podnik malý |
| 610 | 2 | 0 | |a podnik stredný |
| 610 | 2 | 0 | |a franšíza |
| 100 | 1 | |a Kosztanko, Simona, 1988- | |